Normal view
MARC view
- Engineering Management MS-Ph. D-Thesis
Entry Topical Term
001 - CONTROL NUMBER
- control field: 31605
003 - CONTROL NUMBER IDENTIFIER
- control field: NUST
005 - DATE AND TIME OF LATEST TRANSACTION
- control field: 20201015150104.0
008 - FIXED-LENGTH DATA ELEMENTS
- fixed length control field: 201015|| aca||aabn | a|a d
040 ## - CATALOGING SOURCE
- Original cataloging agency: NUST
- Transcribing agency: NUST
150 ## - HEADING--TOPICAL TERM
- Topical term or geographic name entry element: Engineering Management MS-Ph. D-Thesis
670 ## - SOURCE DATA FOUND
- Source citation: Work cat.: (NUST): Rashid, Saima 31604, Role of Tablet PC to Facilitate Successful Implementation of HMIS Healthcare Organization of Pakistan /, 2013.
